| 000 | 00523nam a2200169 u 4500 | ||
|---|---|---|---|
| 001 | 000020361 | ||
| 005 | 20200929170402.0 | ||
| 008 | 100813s2008 dr 000 j spa d | ||
| 020 | _a9789705801891 | ||
| 040 |
_aDO-SdBNP _bspa _cBNPHU |
||
| 082 |
_aA863.4 _bC965i |
||
| 245 | 0 | 0 |
_aCuentos inolvidables : _bsegún Julio Cortázar. |
| 260 |
_a[Santo Domingo] : _bAlfaguara, _c2008. _g(reimpresión de 2009) |
||
| 300 |
_a320 p. ; _c20 cm. |
||
| 650 | 4 |
_aCuentos _vCOLECCIONES _928944 |
|
| 910 | _aValidado. Control de calidad MFF | ||
| 999 |
_c19865 _d19865 |
||